[Event "IRQ-ch Women"]
[Site "Baghdad"]
[Date "2017.08.16"]
[Round "9"]
[White "Al Fayyadh, Zainab Asif Abdulah"]
[Black "Albarbari, Vin Kamal Jalal Adi"]
[Result "1/2-1/2"]
[WhiteElo "1663"]
[BlackElo "1546"]
[PlyCount "49"]
[EventDate "2017.08.11"]
[EventType "swiss"]
[EventRounds "9"]
[EventCountry "IRQ"]
[SourceTitle "CBM 180 Extra"]
[Source "ChessBase"]
[SourceDate "2017.10.06"]
[SourceVersion "1"]
[SourceVersionDate "2017.10.06"]
[SourceQuality "1"]

1. e4 d6 2. d4 e6 3. Nf3 Nd7 4. Bd3 Be7 5. 0-0 Ngf6 6. Nc3 0-0 7. e5 Nd5 8. Ne4 Nb4 9. Be2 d5 10. Neg5 h6 11. Nh3 Re8 12. c3 Nc6 13. Qd3 Bf8 14. Re1 g6 15. Bd1 Bg7 16. Bc2 Nf8 17. Nf4 Ne7 18. g4 g5 19. Nh5 Neg6 20. Nxg7 Kxg7 21. Qf1 Nd7 22. Qh3 Rh8 23. Kf1 c5 24. Ng1 b6 25. Ne2 1/2-1/2

[Event "Olympiad Women-42"]
[Site "Baku"]
[Date "2016.09.03"]
[Round "2.60"]
[White "Leboela, Maboloko"]
[Black "Albarbari, Vin Kamal Jalal Adi"]
[Result "1-0"]
[WhiteElo "1406"]
[BlackElo "1592"]
[PlyCount "65"]
[EventDate "2016.09.02"]
[EventType "team-swiss"]
[EventRounds "11"]
[EventCountry "AZE"]
[SourceTitle "CBM 174 Extra"]
[Source "ChessBase"]
[SourceDate "2016.10.10"]
[SourceVersion "1"]
[SourceVersionDate "2016.10.10"]
[SourceQuality "1"]
[WhiteTeam "Lesotho (W)"]
[BlackTeam "Iraq (W)"]
[WhiteTeamCountry "LES"]
[BlackTeamCountry "IRQ"]

1. e4 e5 2. Nf3 Nc6 3. Bb5 a6 4. Bxc6 dxc6 5. 0-0 Bd6 6. b3 Bg4 7. Bb2 Qe7 8. d4 0-0-0 9. h3 Bh5 10. Nbd2 exd4 11. Bxd4 Be5 12. Bxe5 Bxf3 13. Qxf3 Qxe5 14. Nc4 Qf6 15. Qg4+ Kb8 16. Rad1 Ne7 17. Rd7 Ng6 18. Rfd1 Rhe8 19. e5 Nxe5 20. Nxe5 Rc8 21. Nxf7 h6 22. Qh5 Rf8 23. R1d3 g6 24. Qf3 Qa1+ 25. Kh2 Qg7 26. Qf4 g5 27. Qf5 Qg8 28. Rf3 Rce8 29. Qc5 g4 30. Nxh6 Qe6 31. Rxf8 Qxd7 32. Rxe8+ Qxe8 33. Nxg4 1-0

[Event "Arab-ch U16 Girls"]
[Site "Amman"]
[Date "2014.08.24"]
[Round "4.3"]
[White "Albarbari, Vin Kamal Jalal Adi"]
[Black "Bashaer, Khalil"]
[Result "1-0"]
[WhiteElo "1538"]
[BlackElo "1618"]
[PlyCount "90"]
[EventDate "2014.08.22"]
[EventType "swiss"]
[EventRounds "9"]
[EventCountry "JOR"]
[SourceTitle "EXT 2024"]
[Source "ChessBase"]
[SourceDate "2023.10.10"]
[SourceVersion "1"]
[SourceVersionDate "2023.10.10"]
[SourceQuality "1"]

1. e4 c5 2. Nf3 e6 3. d4 cxd4 4. Nxd4 Nf6 5. Nc3 Nc6 6. Nxc6 bxc6 7. Bg5 Be7 8. Qf3 Qa5 9. Bd2 Qc7 10. Bf4 Qb6 11. Rb1 Bb4 12. Bd2 Ba6 13. Bd3 Bxd3 14. Qxd3 Rb8 15. 0-0 Qc7 16. a3 Bd6 17. f4 e5 18. f5 Qb6+ 19. Kh1 Qd4 20. Be3 Qxd3 21. cxd3 a6 22. h3 Ke7 23. Na4 Rb5 24. Nc3 Rb3 25. Rfc1 Rhb8 26. Kg1 Rxb2 27. a4 Rxb1 28. Rxb1 Rxb1+ 29. Nxb1 Bb4 30. Bd2 Bxd2 31. Nxd2 Kd6 32. Nb3 Nh5 33. Kf2 Nf4 34. d4 exd4 35. Nxd4 f6 36. Nb3 Nd3+ 37. Ke3 Nc5 38. Nxc5 Kxc5 39. g4 Kc4 40. h4 h6 41. e5 fxe5 42. g5 hxg5 43. hxg5 Kd5 44. g6 Kd6 45. f6 gxf6 1-0

[Event "Arab-ch U16 Girls"]
[Site "Amman"]
[Date "2014.08.23"]
[Round "2.5"]
[White "Albarbari, Vin Kamal Jalal Adi"]
[Black "Amal, Majid Khudhair"]
[Result "1/2-1/2"]
[WhiteElo "1538"]
[BlackElo "1458"]
[PlyCount "47"]
[EventDate "2014.08.22"]
[EventType "swiss"]
[EventRounds "9"]
[EventCountry "JOR"]
[SourceTitle "EXT 2024"]
[Source "ChessBase"]
[SourceDate "2023.10.10"]
[SourceVersion "1"]
[SourceVersionDate "2023.10.10"]
[SourceQuality "1"]

1. e4 e5 2. Nf3 Nc6 3. Bc4 Bc5 4. 0-0 d6 5. h3 Nf6 6. Nc3 Be6 7. Bb3 Bxb3 8. axb3 0-0 9. d3 h6 10. Be3 Bb6 11. d4 exd4 12. Nxd4 Nxd4 13. Bxd4 Bxd4 14. Qxd4 a6 15. f4 Re8 16. Rfe1 c5 17. Qd3 Qc7 18. Nd5 Nxd5 19. exd5 Qd7 20. c4 Rxe1+ 21. Rxe1 Re8 22. Rxe8+ Qxe8 23. Kf2 Kf8 24. g3 1/2-1/2